000 01174nam a2200277Ia 4500
999 _c5303
_d5303
003 OSt
005 20200515232841.0
008 191128s1970 sp fr 001 0 spa d
040 _aCO-JMCR
_cCO-JMCR
041 1 _aspa
_heng
082 0 4 _a330 /
_bE471c
_223
100 1 _aEllis, Howard S.,
_eeditor
_94451
245 1 0 _aCompendio de economía contemporánea /
_ceditado Howard S. Ellis ; traducción Huberto Villar y Adolfo Alvarez Buylla
260 _aMadrid :
_bAguilar,
_c1970
300 _axxii, 533 páginas ;
_c21 cm.
490 0 _aBiblioteca de Ciencias Sociales. Sección primera. Economía
500 _aIncluye índice alfábetico de autores.
505 0 _aValor y distribución -- La teoría del empleo y los ciclos económicos -- El monopolio y la concentración del poder económico -- Política de precios y de producción -- Presupuesto federal y política fiscal
534 _pA survey of contemporary economics
546 _aTraducido del inglés
650 1 4 _aEconomía
_94452
650 1 4 _aHistoria económica
_92303
700 1 _aVillar, Huberto,
_etraductor
_94453
700 1 _aAlvarez Buylla, Adolfo,
_etraductor
_94454
942 _2ddc
_cBK